| 000 | 00694nam a22002177a 4500 | ||
|---|---|---|---|
| 999 |
_c7985 _d7985 |
||
| 003 | AR-CdUCM | ||
| 008 | 190321b ||||| |||| 00| 0 spa d | ||
| 020 | _a986-16-2703-2 | ||
| 040 |
_aMUNICIPALIDAD PROVINCIAL DEL CUSCO _cBIBLIOTECA MUNICIPAL DEL CUSCO |
||
| 082 |
_a500 / _bD79 |
||
| 100 |
_aDreyfus Cortes. Georges _922561 |
||
| 245 | _aEl mundo de los microbios / | ||
| 260 |
_aMéxico : _bFondo de cultura económica, _c1987. |
||
| 300 |
_a78 paginas ; _c21 cm. |
||
| 505 | _aContenido :El mundo de los microbios. | ||
| 650 |
_aMetabolismo microbiano _922562 |
||
| 650 |
_aMicroorganismos _922563 |
||
| 650 |
_aBiotecnología microbiana _922564 |
||
| 942 |
_2ddc _cLIBROS |
||
| 945 | _arum | ||